000 01429cam a2200325 i 4500
999 _c2698
_d2698
001 020885658
003 UkOxU
005 20230810160638.0
008 170324s2017 enk b 001 0 eng
020 _a9781138999015
_qpaperback
_qalkaline paper
035 _a(OCoLC)980301965
040 _aDLC
_beng
_erda
_cDLC
_dOCLCO
_dOCLCQ
_dOCLCF
_dYDX
_dYDX
_dOCLCO
_dUkOxU
_dKH8
042 _apcc
082 0 0 _a909.82 MCC
100 1 _aMcCauley, Martin,
_eauthor.
245 1 4 _aThe Cold War 1949-2016 /
_cMartin McCauley.
264 1 _aAbingdon :
_bRoutledge,
_c2017.
264 4 _c©2017
300 _axiii, 377 pages ;
_c6.14 x 0.89 x 9.21 inches.
_billustrations, maps ;
336 _atext
_2rdacontent
337 _aunmediated
_2rdamedia
338 _avolume
_2rdacarrier
500 _aIncludes Index
504 _aIncludes bibliographical references and index.
505 0 _aOrigins of the Cold War -- The Cold War -- To the brink and back 1953-1962 -- The US and the Soviet Union in the third world -- The Sino-Soviet schism -- Cuba, Vietnam and Indonesia -- The war of cultures -- The Prague Spring -- Détente 1969-1979 -- The Islamic challenge: Iran and Afghanistan -- Cambodia-Kampuchea -- Post-détente 1979-1985 -- Gorbachev and the end of the Cold War -- The judgement -- The post-Cold War world.
650 0 _aCold War.
650 0 _aWorld politics
_y1945-1989.
650 0 _aWorld politics
_y1989-
942 _2ddc
_cTR